Tous les goûts (saveur) de chips Bret's - Statistiques

Statistiques générales
  • Ce quiz a été pris 799 fois
    788 depuis la dernière actualisation
  • Le résultat moyen est 8 sur 34
Statistiques - réponses
Réponse % Correct
Sauce Barbecue
63%
Fromage Du Jura
61%
Sel et Vinaigre
61%
Poulet Braisé
56%
Miel Moutarde
46%
Pesto Mozzarella
45%
Chèvre Piment d'Espelette
43%
Tartiflette
38%
Indian Curry
31%
Yakitori
29%
Camembert
27%
Pizza au Feu de Bois
27%
Sauce Pomme Frite
27%
Aïoli
26%
Pili Pili
26%
Petits Oignons
23%
Bleu Pancetta
18%
Cèpes
18%
Bacon Grillé
12%
Beurre Salé
12%
Côte de Bœuf Grillé
12%
Fromage Frais Fines herbes
11%
Tomates séchées et Vinaigre Balsamique
11%
Cheddar Oignons de Roscoff
10%
Poivron Grillés Chorizo
10%
Brie et truffe
8%
Confit d’Oignon au Vinaigre Balsamique
8%
Chili Pointe de Menthe
6%
Brebis Cerise Noire
4%
Sauce Andalouse
4%
Paprika Fumé
2%
Poulet Tandoori
2%
Gouda au Cumin
1%
Truffe d'été
1%
Aucun quiz correspondant
Distribution des résultats
% des personnes avec chaque résultat
Percentile par nombre de réponses
Votre historique - résultats
Vous n’avez pas pris ce quiz depuis la dernière actualisation